000 00308nam a22001457a 4500
008 231012b ||||| |||| 00| 0 eng d
020 _a0934235139
041 _aeng
080 _2VOLUME 1.2.3.5
_a94
082 _a94OSI
100 _a30
101 _aHIST
245 _aOSIRIS
_cOSIRIS
942 _2udc
_cBK
999 _c60432
_d60432